000
00321 a2200109 4500
001
ART_31277
005
20260410161840.0
008
260409a
245
1
0
_a
Régimen de dominio provincial y municipal
100
1
_a
Ballesteros, José Miguel
773
0
_t
RAP
_g
- Año 36, Nº 422 (nov. 2013)
_w
REV5941
999
_c
24014
_d
24014